000 00501nam a2200181Ia 4500
001 2656
005 20260306144823.0
008 260306t2000||||xx |||||||||||||| ||spa||
041 _aESP
082 _a201
_bD262
100 _aDodds, E. R.
_eAUT
245 0 _aPagan and christian in an age of anxiety:
_bsome aspects of religious experience from Marcus Aurelius to Constantine
260 _c2000
300 _a144 páginas :
_c22 cm.
650 _aGEN
654 _aCHU
942 _cLIB
_dJUS
_fJUS
_2ddc
_n
999 _c2656
_d2656